01611nam a2200277 a 4500008004100000020001500041041000800056092001700064110001700081245005700098250001100155260003400166300001100200500009700211590004300308653005200351653005900403653010800462653014600570653015100716653013700867653010001004942001201104999001501116952020201131180307s2007 ag |||fr|||| 001 0 spa d a9280638175 aspa c340l88sUNI1 aUNICEF92427 aConvención sobre los derechos del niño /cUNICEF a1a.ed. aBuenos Aires:bUNICEF;c2007. a157 p. aUNICEF. (2007). Convención sobre los derechos del niño. (1a ed.). Buenos Aires : UNICEF. aDonación Dr. Julio Arce, marzo 2018. aDeclaración Universal de los Derechos Humanos aConvención sobre los derechos del niño (Ley 23849) aConvención sobre la eliminación de todas las formas de discriminación contra la mujer (Ley 23179) aConvención Interamericana para prevenir, sancionar y erradicar la violencia contra la mujer "Convención de Belém do Pará" (Ley 24632) aProtocolo facultativo de la convención sobre los derechos del niño relativo a la participación de niños con conflictos armados (Ley 25616) aProtocolo relativo a la venta de niños, la prostitucion infantil y la utilización de los niños en la pornografía (Ley 25763) aLey de protección integral de los derechos de las niñas, niños y adolescentes (Ley 26061) 2ddccBK c2701d2701 00102ddc4070aBFMbBFMcCRd2018-03-08eDonación Dr. Julio Arce, Marzo 2018.l0o340 88 UNIp4206r2018-03-08tEj. 1w2018-03-08yBKzProyecto 4to libro. Donación Dr. Julio Arce, Marzo 2018.